LEADER 01503nam a2200277 4500 001 991003172619707536 005 20250430130147.0 008 950731s1614 sz a b 000 ger 035 $ab14292452-39ule_inst 035 $aCICOGNARA-4559$9ExL 040 $aBibl. Interfacoltà T. Pellegrino$bita 041 0 $ager 100 0 $aVitruvius Pollio$d$08237 245 10$aVitruvius.$bDes aller namhafftigisten unnd hocherfarnesten Römischen Architecti unnd Kunstreichen Werck oder Bawmeysters Marci Vitruvij Pollionis Zehen Bücher von der Architectur und künstlichen Bawen ... Allen Künstlichen Handtwercken, Werckmeystern ...$cErstmals verteutscht unnd in Truck verordnet, durch D. Gualtherum H. Rivium ... 260 $aBasel,$bSebastian Henricpetri$c[1614] 300 $a[31], 613, [1] p. :$bill.; $c33 cm. 500 $aFront. in rosso e nero. 500 $aRiproduzione in microfiche dell'originale conservato presso la Biblioteca Apostolica Vaticana 787 18$iLeopoldo Cicognara Program :$tBiblioteca Cicognara$h[microform] : literary sources in the history of art and kindred subjects 787 18$tCatalogo ragionato dei libri d'arte e d'antichità / Leopoldo Cicognara 907 $a.b14292452$b01-04-22$c28-07-16 912 $a991003172619707536 945 $aLE002 SB Raccolta Cicognara, mcrf 723$g0$lle002$pE0.00$rn$so $t11$u0$v0$w0$x0$y.i15763845$z28-07-16 996 $aVitruvius$91391112 997 $aUNISALENTO 998 $ale002$b28-07-16$cm$dg $e-$fger$gsz $h0$i1 LEADER 04124nam 22007095 450 001 9910300195503321 005 20251117075927.0 010 $a1-4899-7525-X 024 7 $a10.1007/978-1-4899-7525-6 035 $a(CKB)3710000000269570 035 $a(EBL)1965069 035 $a(SSID)ssj0001372623 035 $a(PQKBManifestationID)11978687 035 $a(PQKBTitleCode)TC0001372623 035 $a(PQKBWorkID)11305033 035 $a(PQKB)10266032 035 $a(DE-He213)978-1-4899-7525-6 035 $a(MiAaPQ)EBC1965069 035 $a(PPN)182094154 035 $a(EXLCZ)993710000000269570 100 $a20141028d2015 u| 0 101 0 $aeng 135 $aur|n|---||||| 181 $ctxt 182 $cc 183 $acr 200 14$aThe Female Athlete Triad $eA Clinical Guide /$fedited by Catherine M. Gordon, Meryl S. LeBoff 205 $a1st ed. 2015. 210 1$aNew York, NY :$cSpringer US :$cImprint: Springer,$d2015. 215 $a1 online resource (187 p.) 300 $aDescription based upon print version of record. 311 08$a1-4899-7524-1 320 $aIncludes bibliographical references at the end of each chapters and index. 327 $aDefinition and Epidemiology of the Female Athlete Triad -- Sports Nutrition -- The Menstrual Cycle -- Exercise and the Female Skeleton -- Assessment of Bone Health in the Young Athlete -- Neuroendocrine Abnormalities in Female Athletes -- Eating Disorders -- Stress Fractures -- Female Athlete Triad: Rehabilitation and Psychological Implications -- Strategies to Promote Bone Health in Female Athletes -- Future Directions and Research Agenda. 330 $aThis is the first book of its kind to focus solely on the female athlete triad - its origins, its recognition, and most importantly, its management. Since the symptoms themselves cover a range of medical specialties, chapters are written by experts in a number of relevant fields - sports medicine, orthopedics, endocrinology, and pediatrics - with an eye toward overall care of the young female athlete. Additionally, each chapter includes suggestions on how to educate and communicate with young athletes and their parents, as well as trainers and coaches, on how to manage the illness outside of the direct clinical setting. The female athlete triad is often seen in sports where low body weight is emphasized, such as gymnastics, figure skating, and running, though it can appear in any sport or activity. The interrelated symptoms - eating disorders, amenorrhea, and low bone mass - exist on a spectrum of severity and are serious and potentially life-threatening if not properly treated. Psychological problems, in addition to medical ones, are not uncommon. The Female Athlete Triad: A Clinical Guide discusses all of these areas for a well-rounded and in-depth approach to the phenomenon and will be a useful reference for any clinician working with female athletes across the lifespan. 606 $aSports medicine 606 $aPediatrics 606 $aEndocrinology 606 $aOrthopedics 606 $aSports Medicine$3https://scigraph.springernature.com/ontologies/product-market-codes/H58005 606 $aPediatrics$3https://scigraph.springernature.com/ontologies/product-market-codes/H49006 606 $aEndocrinology$3https://scigraph.springernature.com/ontologies/product-market-codes/H33053 606 $aOrthopedics$3https://scigraph.springernature.com/ontologies/product-market-codes/H45000 615 0$aSports medicine. 615 0$aPediatrics. 615 0$aEndocrinology. 615 0$aOrthopedics. 615 14$aSports Medicine. 615 24$aPediatrics. 615 24$aEndocrinology. 615 24$aOrthopedics. 676 $a610 676 $a616.4 676 $a616.7 676 $a617.1027 676 $a618.92 702 $aGordon$b Catherine M.$4edt$4http://id.loc.gov/vocabulary/relators/edt 702 $aLeBoff$b Meryl S.$4edt$4http://id.loc.gov/vocabulary/relators/edt 906 $aBOOK 912 $a9910300195503321 996 $aThe Female Athlete Triad$92519594 997 $aUNINA